Band by 3 Songs (21st century) - Statistics

General Stats
  • This quiz has been taken 23 times
  • The average score is 10 of 20
Answer Stats
Hint Answer % Correct
Mr. Brightside, Human, Read My Mind The Killers
83%
Empire Ants, Cracker Island, Clint Eastwood Gorillaz
74%
Natural, Believer, Follow You Imagine Dragons
74%
Siberian Breaks, Little Dark Age, Kids MGMT
74%
Welcome To The Black Parade, Famous Last Words, Disenchanted My Chemical Romance
70%
Toxicity, Lonely Day, Hypnotize System Of A Down
61%
Heathens, Chlorine, Car Radio Twenty One Pilots
61%
Piledriver Waltz, R U Mine, Crying Lightning Arctic Monkeys
43%
Face To Face, Instant Crush, Within Daft Punk
43%
Everybody's Changing, She Has No Time, Silenced By The Night Keane
43%
Castle Of Glass, New Divide, The Emptiness Machine Linkin Park
43%
She's Not Gone Yet But She's Leaving, Chelsea Dagger, For The Girl The Fratellis
39%
Wolf, Zero, Heads Will Roll Yeah Yeah Yeahs
39%
The Suburbs, City WIth No Children, Sprawl Arcade Fire
35%
Charlie Brown, Higher Power, Lost Coldplay
35%
Rude, Red Dress, No Regrets Magic!
35%
Endlessly, Resistance, Bliss Muse
30%
Someday, Ize Of The World, Under Cover Of Darkness The Strokes
30%
One Time Too Many, 1901, Honeymoon Phoenix
22%
40', Evil Eye, Do You Want Franz Ferdinand
17%
No matching quizzes found
Score Distribution
Percent of People with Each Score
Percentile by Number Answered
Your Score History
You have not taken this quiz